Normal view
MARC view
Entry Geographic Name
001 - CONTROL NUMBER
- control field: 52102
003 - CONTROL NUMBER IDENTIFIER
- control field: ARRUPE
005 - DATE AND TIME OF LATEST TRANSACTION
- control field: 20221129152853.0
008 - FIXED-LENGTH DATA ELEMENTS
- fixed length control field: 221129|| aca||aabn | a|a d
040 ## - CATALOGING SOURCE
- Original cataloging agency: ARRUPE
- Transcribing agency: ARRUPE
151 ## - HEADING--GEOGRAPHIC NAME
- Geographic name: Cambodia
- General subdivision: History
- Chronological subdivision: Civil War, 1970-1975
670 ## - SOURCE DATA FOUND
- Source citation: Work cat.: (ARRUPE)131601: Swain, Jon. 52100, River of time /, 1997.